000 01454nac a22003251u 4500
008 130109s2005 us ||||| |||| 00| 0 eng d
010 _a 2005928376
020 _a3540274170 (pbk.)
024 3 _a9783540274179
035 _a(CStRLIN)PASGA2971373-B
035 _a(PSt) (Sirsi) a2971373
082 0 0 _a004
_bAUT
_222
100 _a20080729
_931843
111 2 _aWAC 2004
_d(2004 :
_cBerlin, Germany)
_931844
245 1 0 _aAutonomic communication :
_bfirst international IFIP workshop, WAC 2004, Berlin, Germany, October 18-19, 2004 : revised selected papers /
_cMichael Smirnov (ed.).
246 3 0 _aWAC 2004
260 _aBerlin ;
_aNew York :
_bSpringer,2005
_c2005.
300 _axi, 278 p. :
_bill. ;
_c24 cm.
440 0 _aLecture notes in computer science,
_v3457
_931845
504 _aIncludes bibliographical references and index.
650 0 _aAutonomic computing
_vCongresses.
_931846
650 0 _aComputer networks
_xManagement
_vCongresses.
_931848
650 0 _931847
_aDatabase management
_vCongresses
700 1 _aSmirnov, Mikhail I.
_931849
710 2 _aInternational Federation for Information Processing.
_931850
856 4 1 _uhttp://www.springerlink.com/link.asp?id=dermbn497mr8
856 4 1 _uhttp://springerlink.metapress.com/openurl.asp?genre=issue&issn=0302-9743&volume=3457
856 4 1 _3Publisher description
_uhttp://www.loc.gov/catdir/enhancements/fy0663/2005928376-d.html
942 _cBB
_k004 AUT
_2ddc
999 _c2242
_d2242